=LDR 00000nam 2200000 4500 =001 INLIS000000000037786 =005 20130612143510 =008 ***********************************Ind** =035 ##$$a0010-061300000037786 =041 ##$$a Ind =082 ##$$a 786.6 =090 ##$$a 786.6, Pur m =100 ##$$a Purwacandra, Pandan P =245 ##$$a Memulai bisnis organ tunggal, Pandan P. Purwacandra, S.Kom =260 ##$$a 2009 $b Yogyakarta =300 ##$$a vi, 57 hlm, ilus, 29 cm =650 ##$$a Musik organ =850 ##$$a NBPNMAT =990 ##$$a 0001/BPAP-NTB/20142014